Projekt organizacii distancionnogo obučenija v universitete

Dištančné vzdelávanie na Inštitúte dištančného vzdelávania. Oddelenia Inštitútu: organizačné oddelenie, oddelenie prípravy učebných materiálov, oddelenie technickej podpory. Štruktúra učebných materiálov. Etapy výučby na 6 týždňovom kurze.

Gespeichert in:
Bibliographische Detailangaben
1. Verfasser: Kultan, Jaroslav, 1960-
Format: Buchkapitel
Sprache:Russisch
Schlagworte:
Tags: Tag hinzufügen
Keine Tags, Fügen Sie das erste Tag hinzu!

MARC

LEADER 00000naa$a2200000$$$4500
001 0173399
005 20240502083413.8
041 0 |a rus 
044 |a RU 
245 1 0 |a Projekt organizacii distancionnogo obučenija v universitete  |c Jaroslav Kultan 
520 |a Dištančné vzdelávanie na Inštitúte dištančného vzdelávania. Oddelenia Inštitútu: organizačné oddelenie, oddelenie prípravy učebných materiálov, oddelenie technickej podpory. Štruktúra učebných materiálov. Etapy výučby na 6 týždňovom kurze. 
610 2 0 |a vzdelávanie dištančné 
610 2 0 |a vzdelávanie vysokoškolské 
610 2 0 |a kurzy 
610 2 0 |a technológie informačné 
610 2 0 |a technológie komunikačné 
610 2 0 |a univerzity 
100 1 |a Kultan, Jaroslav, 1960-